Responses for Show #5184 - Thursday, March 8, 2007

Contestants

[<< previous game]

Ted Kenniston, a logistics manager from Cincinnati, Ohio

Carla Eastis, a sociology professor from Salisbury, North Carolina

Martin Budak, a project manager from Portland, Oregon (whose 2-day cash winnings total $44,802)

[next game >>]

Jeopardy! Round responses

COUNTRIES OF THE WORLD
A SET OF CHINA
TALKING TURKEY
MICHAEL JORDAN
GEORGIA ON MY MIND
"DEN"MARK
    $200 8
Spain

Carla
    $200 13
a teapot

Carla
    $200 15
gobblers

Ted
    $200 2
the Dream Team

Ted
    $200 6
ether

Ted
    $200 1
denim

Ted
    $400 9
the Philippines

Ted
    $400 14
a creamer

Carla
    $400 20
Benjamin Franklin

Ted
    $400 3
Birmingham

Carla
    $400 16
cotton gin

Ted
    $400 24
Denver

Martin
    $1,000 10
(Alex: Correct. Think of moguls, think of India. Or skiing.)

India

Ted
    $600 28
a gravy boat

Ted
    $600 21
the turkey trot

Carla
    $600 4
Space Jam

Ted
    $600 17
(Martin: Who are blacks?)
(Ted: Who are Native Americans?)

18-year-olds

MartinTed
Triple Stumper
    $600 25
a denomination

Carla
    $800 11
Hungary

Triple Stumper
    $800 29
a saucer

Ted
    $800 22
Norman Rockwell

Carla
    $800 5
23

Carla
    $800 18
1861

Ted
    $800 26
denigrate

Carla
    $1000 12
the Bahamas

Ted
    $1000 30
(Alex: That's a [*]. [*]? Game? Okay! Caught 'em there, you can't mix china and football obviously.)

sugar bowl

Triple Stumper
    $1000 23
tryptophan

Carla
    $1000 7
the Naismith (Award) & the Wooden (Award)

Ted
    $1000 19
Cherokee

Martin
    $1000 27
a denizen

Ted

Scores at the first commercial break (after clue 16):

Martin Carla Ted
$0 $2,000 $5,200

Scores at the end of the Jeopardy! Round:

Martin Carla Ted
$800 $5,800 $8,200

Double Jeopardy! Round responses

OMAHA'S HENRY DOORLY ZOO
PLACES IN SONG
FOR BETTER OR VERSE
OH, "MAN"!
BODY PARTS BY PREFIX
FROM THE LATIN
    $400 11
panther

Ted
    $400 16
"Don't Cry For Me Argentina"

Carla
    $400 21
(Martin: Who is Keats?)

Wordsworth

Martin
Triple Stumper
    $400 1
the Isle of Man

Ted
    $400 6
the eye

Carla
    $400 26
hospital

Ted
    $800 12
a geodesic dome

Carla
    $800 17
the pyramids

Martin
    $800 22
(Ted: What is the nine hundred?)
...
(Alex: All in the valley of death rode the [*]. You added 300. They might have won the battle if they had 300 more, who knows!)

six hundred

Ted
Triple Stumper
    $800 2
(Carla: Who is the Candy Man?)

(Mr.) Tambourine Man

CarlaTed
    $800 7
bone

Carla
    $800 27
a convent

Ted
    $1200 13
Costa Rica

Martin
    $1200 18
"Sweet Home Alabama"

Ted
    $1200 23
(Carla: Who is Dorothy Parker?)

Emily Dickinson

CarlaTed
    $1200 3
Burning Man

Ted
    $2,500 8
the tongue

Carla
    $1200 28
punctuation

Martin
    $1600 14
surrogate

Ted
    $1600 19
The Beach Boys

Carla
    $800 24
(Ted: What is Tinturn Abbey?)
(Alex: Oh no, you can bury my heart at [*].)
(Ted: I was there this summer.)
(Alex: Ahhh. Well, you're going to remember it even more now, aren't you?)

Wounded Knee

Ted
    $1600 4
(Alex: Think of The Da Vinci Code, and [*].)

Vitruvian Man

Triple Stumper
    $1600 9
(Martin: What is the spine?)

hand

Martin
Triple Stumper
    $1600 29
equestrian

Carla
    $2000 15
(Carla: What are the Falklands?)
...
(Alex: You gotta go further north... to the [*]--and in a different ocean.)

Galapagos Islands

Carla
Triple Stumper
    $2000 20
Bali Ha'i

Ted
    $2000 25
Pippa

Triple Stumper
    $2000 5
Thomas Mann

Carla
    $2000 10
(Martin: What is blood?)
(Alex: Nnnnnnno, sorry. Carla or Ted? You were close, but you had to think of something like phlebotomy for [*].)

blood vessel (or vein)

Martin
Triple Stumper
    $2000 30
(Carla: What is compost?)

biomass

Carla
Triple Stumper

Scores at the end of the Double Jeopardy! Round:

Martin Carla Ted
$0 $9,900 $16,600

[wagering suggestions for these scores]

Final Jeopardy! Round responses

GOING TO THE DOGS
(Alex: No, we're talking about [*]. English, Gordon, Irish [*]. Crouching, setting...)
CarlaWhat are terriers?
$9,900
TedWhat is a Springer spaniel
$3,201
setters

Final scores:

Martin Carla Ted
$0 $0 $13,399
3rd place: $1,000 2nd place: $2,000 New champion: $13,399

Game dynamics:

Coryat scores:

Martin Carla Ted
$0 $8,600 $17,000
5 R,
4 W
18 R
(including 1 DD),
4 W
25 R
(including 1 DD),
3 W
(including 1 DD)

Combined Coryat: $25,600

[game clues] [game scores] [suggest correction]

Game tape date: 2006-12-06
The J! Archive is created by fans, for fans. Scraping, republication, monetization, and malicious use prohibited; this site may use cookies and collect identifying information. See terms. The Jeopardy! game show and all elements thereof, including but not limited to copyright and trademark thereto, are the property of Jeopardy Productions, Inc. and are protected under law. This website is not affiliated with, sponsored by, or operated by Jeopardy Productions, Inc. Join the discussion at JBoard.tv.